Repasando y repensando el empleo público. Diagnóstico y desafíos (Registro nro. 32631)

Detalles MARC
000 -LEADER
fixed length control field 00366 a2200109 4500
001 - CONTROL NUMBER
control field ART_56929
005 - DATE AND TIME OF LATEST TRANSACTION
control field 20260410162016.0
008 - FIXED-LENGTH DATA ELEMENTS--GENERAL INFORMATION
fixed length control field 260409a
100 1# - MAIN ENTRY--PERSONAL NAME
Personal name Roitman, Facundo J.
245 10 - TITLE STATEMENT
Title Repasando y repensando el empleo público. Diagnóstico y desafíos
773 0# - HOST ITEM ENTRY
Title Temas de derecho administrativo
Related parts - Año 7, N° 9 (sep. 2022)
Record control number REV40468

No hay ítems disponibles.